| 000 | 00672nam a2200193 a 4500 | ||
|---|---|---|---|
| 008 | 090324s2001 ||||||||||||||||| || u | ||
| 020 | _a0435628925 | ||
| 022 | _a0435628925 | ||
| 050 | _aQC 37 Hor | ||
| 100 | _aHorners, Salters | ||
| 245 | 1 | 0 |
_aSalters Horners advanced physics: A2 student book _cby Salters Horners |
| 260 |
_aOxford _bHeinemann _c2001 |
||
| 300 | _a438p.: ill | ||
| 350 | _a0.00 | ||
| 650 | 0 | _aPHYSICS | |
| 650 | _aPHYSICS--STUDY AND TEACHING | ||
| 650 | _aPHYSICS--TEXTBOOKS | ||
| 995 |
_D0.00 _FCBU-MAIN LIBRARY (Kitwe) _H1 _I0.00 _M1 _UAVAILABLE _WApr 21, 2009 _ZMain Library Open Access Collection |
||
| 999 |
_c56943 _d56943 |
||